McDonalds Menu Map Quiz Stats

 Plays Quiz Updated Sep 9, 2014

Challenge
Share
Tweet
Score 0/19 Timer 05:00
19 Plays Today
% Correct
Big Mac
94.8%
French Fries
93.5%
Happy Meal
93.4%
Soda
88.5%
Cheeseburger
85%
Side Salad
83.8%
Chicken McNuggets
83.1%
Hash Brown
78.9%
Egg McMuffin
77.3%
Hamburger
75.1%
% Correct
McRib
74.4%
Quarter Pounder
73.5%
McFlurry
70%
McChicken
69.4%
Double Cheeseburger
67.5%
Sausage & Egg McMuffin
60.7%
Filet-O-Fish
59.8%
Bacon, Egg, & Cheese Bagel
22.4%
Big Tasty
12.4%

You're not logged in!

Compare scores with friends on all Sporcle quizzes.
OR
Log In

You Might Also Like...

Show Comments

Extras

Top Quizzes Today


Score Distribution

Your Account Isn't Verified!

In order to create a playlist on Sporcle, you need to verify the email address you used during registration. Go to your Sporcle Settings to finish the process.

Report this User

Report this user for behavior that violates our Community Guidelines.

Details: